| 000 | 00000nam##2200000za#4500 |
| 001 | 9.596018 |
| 003 | CaOODSP |
| 005 | 20241120095137 |
| 007 | cr ||||||||||| |
| 008 | 150406|2008||||xxc|||||o f|0| 0 fre|d |
| 020 | |a978-0-662-04400-0 |
| 022 | |a1705-5814 |
| 040 | |aCaOODSP|bfre |
| 043 | |an-cn--- |
| 086 | 1 |aFo113-1/41-2008F-PDF |
| 110 | 1 |aCanada.|bRessources naturelles Canada. |bService canadien des forêts. |
| 245 | 10|aChangement climatique et feux de forêt : |h[ressource électronique]|bça chauffe! / |cPublié par le Centre de foresterie des Laurentides. |
| 260 | |aSainte-Foy - Québec : |bRessources naturelles Canada. |c2008. |
| 300 | |a1p.|bphotographies |
| 490 | 1 |aL'éclaircie du Service canadien des forêts, Centre de foresterie des Laurentides|x1705-5814|vN° 41 |
| 500 | |aLe n° de catalogue (Fo113-1/41-2008) et l’ISBN (978-0-662-05842-7) de l'édition imprimée bilingue ont été incorrectement copiés dans la version PDF. |
| 590 | |a10-10-Supp|b2010-11-09 |
| 691 | 07|aChangement climatique|2gcpds |
| 691 | 07|aIncendie de forêt|2gcpds |
| 775 | 08|tClimate change and forest fires : |w(CaOODSP)9.564239 |
| 776 | 0#|tClimate change and forest fires : |w(CaOODSP)9.546084 |
| 776 | 0#|tChangement climatique et feux de forêt : |w(CaOODSP)9.546085 |
| 830 | #0|aL'éclaircie du Service canadien des forêts, Centre de foresterie des Laurentides,|x1705-5814|vN° 41|w(CaOODSP)9.501099 |
| 856 | 40|ahttp://publications.gc.ca|qPDF|s365 Ko|uhttps://publications.gc.ca/collections/collection_2010/nrcan/Fo113-1-41-2008-fra.pdf|yN° 41 |